[Event "Bad Soden U14 op"]
[Site "Bad Soden"]
[Date "2017.10.03"]
[Round "8"]
[White "Wolf, Jonathan"]
[Black "Stapel, Max"]
[Result "1/2-1/2"]
[WhiteElo "791"]
[BlackElo "934"]
[PlyCount "30"]
[EventDate "2017.09.30"]
[EventType "swiss"]
[EventRounds "9"]
[EventCountry "GER"]
[SourceTitle "EXT 2019"]
[Source "ChessBase"]
[SourceDate "2018.10.10"]
[SourceVersion "1"]
[SourceVersionDate "2018.10.10"]
[SourceQuality "1"]

1. d4 Nf6 2. Bf4 d6 3. c4 e5 4. Bg3 Be7 5. e3 Bf5 6. Nf3 Ng4 7. h3 Nf6 8. Nc3 0-0 9. Bd3 Bxd3 10. Qxd3 Nc6 11. 0-0 Nb4 12. Qb1 Nc6 13. Rd1 Nh5 14. Ne4 Nxg3 15. fxg3 h6 1/2-1/2